| 000 | 00000nam##2200000za#4500 |
| 001 | 9.577305 |
| 003 | CaOODSP |
| 005 | 20210624185540 |
| 007 | cr ||||||||||| |
| 008 | 150406|1997||||xxc|||||o f|0| 0 eng|d |
| 040 | |aCaOODSP|beng |
| 043 | |an-cn--- |
| 086 | 1 |aFs97-13/1018E-PDF |
| 110 | 1 |aCanada. |bDepartment of Fisheries and Oceans. |
| 245 | 10|aEnumeration and biological data from the upstream migration of Dolly Varden charr (Salvelinus malma)(W.), from the Babbage River, Yukon north slope, 1990 to 1992 / |h[electronic resource]|cby S.J. Sandstrom, P.J. Lemieux and J.D. Reist. |
| 260 | |aWinnipeg - Manitoba : |bFisheries and Oceans Canada |c1997. |
| 300 | |a138p.|bfigs., references, tables |
| 490 | 1 |aCanadian data report of fisheries and aquatic sciences|vNo. 1018 |
| 500 | |aOn t.p.: Central and Arctic Region, Winnipeg, Manitoba. The catalogue number and ISSN for the print edition appear in the PDF version. |
| 546 | |a(Résumé en français) |
| 590 | |a13-21-Supp|b2013-09-16 |
| 720 | 1 |aReist, J. D. |
| 720 | 1 |aSandstrom, S. J. |
| 720 | 1 |aLemieux, P. J. |
| 830 | #0|aCanadian data report of fisheries and aquatic sciences ;|vNo. 1018|w(CaOODSP)9.505124 |
| 856 | 40|ahttp://publications.gc.ca|qPDF|s7234 KB|uhttps://publications.gc.ca/collections/collection_2013/mpo-dfo/Fs97-13-1018-eng.pdf|yNo. 1018 |